| 000 | 00688cam a2200241 4500 | ||
|---|---|---|---|
| 999 |
_c6274 _d6274 |
||
| 001 | 6305065 | ||
| 003 | OSt | ||
| 005 | 20190116142735.0 | ||
| 008 | 00026401980 mou b 001 0 eng | ||
| 010 | _a80016358 //r842 | ||
| 040 |
_aDLC _cDLC _dm.c. _dATH |
||
| 050 | 0 |
_aBS2675.3 _b.H27 |
|
| 082 |
_a227.2 _bH198B |
||
| 090 |
_aBS2675.3 _b.H27 1980 |
||
| 100 | 1 |
_aHamar, Paul A., _d1949- |
|
| 245 | 1 | 4 |
_aThe book of First Corinthians / _cPaul A. Hamar. |
| 260 |
_aSpringfield, Mo. : _bGospel Pub. House, _cc1980. |
||
| 300 |
_a189 p. : _c23 cm. |
||
| 500 | _aIncludes index. | ||
| 504 | _aBibliography: p. 183-184. | ||
| 630 | 0 | 0 |
_aBible. _pCorinthians, 1st _vCommentaries. |
| 942 |
_2ddc _cBK |
||